000
00374nam a2200133Ia 4500
008
151001s9999||||xx |||||||||||||| ||und||
100
_a
इडगार बरोज राईस
245
_a
टारझन भाग-५ वा
250
_a
2
260
_b
भारतीय प्रकाशन संस्था
260
_c
1969
300
_a
97
365
_b
18
999
_c
957579
_d
957576